[Event "78th UKR-ch"]
[Site "Alushta UKR"]
[Date "2009.05.15"]
[Round "5"]
[White "Nyzhnyk, Illya"]
[WhiteElo "2499"]
[Black "Veremiy, Bogdan"]
[BlackElo "2239"]
[Result "1-0"]
[EventDate "2009.05.10"]
[PlyCount "65"]

1. e4 c5 2. Nf3 d6 3. d4 cxd4 4. Nxd4 Nf6 5. Nc3 g6 6. Be3 Bg7 7. f3 O-O 8. g4
Nc6 9. Qd2 Be6 10. O-O-O Nxd4 11. Bxd4 Qa5 12. a3 Rab8 13. g5 Nh5 14. Bxg7 Kxg7
15. f4 f5 16. gxf6+ Nxf6 17. Re1 Nh5 18. Qd4+ Kh6 19. f5 gxf5 20. exf5 Qxf5 21.
Kb1 Nf4 22. Bd3 Qf6 23. Qe3 Bg8 24. Rhg1 e5 25. Ne4 Qe6 26. Qg3 Ng6 27. Ng5
Qa2+ 28. Kc1 Rf6 29. Ne4 Re6 30. Nxd6 Rf8 31. Nf5+ Rxf5 32. Bxf5 Rd6 33. Qg5+
1-0

[Event "78th UKR-ch"]
[Site "Alushta UKR"]
[Date "2009.05.15"]
[Round "5"]
[White "Dolzhykova, Kateryna"]
[WhiteElo "2291"]
[Black "Kalinina, Olga"]
[BlackElo "2159"]
[Result "1-0"]
[EventDate "2009.05.10"]
[PlyCount "63"]

1. e4 c5 2. Nf3 e6 3. d4 cxd4 4. Nxd4 a6 5. Bd3 Qc7 6. Qe2 d6 7. c4 g6 8. b3
Bg7 9. Bb2 Nf6 10. Nc3 Nbd7 11. O-O O-O 12. Kh1 Re8 13. Rac1 Nh5 14. Qe3 b6 15.
f4 Bh6 16. Nde2 e5 17. Nd5 Qd8 18. g3 Bb7 19. Nec3 exf4 20. gxf4 Ne5 21. Be2
Nf6 22. Nxf6+ Qxf6 23. Qxb6 Bxf4 24. Qxb7 Qh4 25. Rxf4 Qxf4 26. Rf1 Qd2 27. Ba1
Rad8 28. Qxa6 Nd3 29. Qa7 Nf4 30. Qf2 g5 31. Nd5 Qxe2 32. Qxf4 1-0

[Event "78th UKR-ch"]
[Site "Alushta UKR"]
[Date "2009.05.15"]
[Round "5"]
[White "Kurayan, Ruslan"]
[WhiteElo "2242"]
[Black "Nosenko, Olexandr"]
[BlackElo "2498"]
[Result "0-1"]
[EventDate "2009.05.10"]
[PlyCount "58"]

1. c4 e5 2. Nc3 Nf6 3. g3 Bb4 4. Bg2 O-O 5. d3 c6 6. Bg5 h6 7. Bxf6 Bxc3+ 8.
bxc3 Qxf6 9. Rb1 d6 10. e3 Qe7 11. Qd2 f5 12. Ne2 f4 13. gxf4 exf4 14. Be4 Nd7
15. Nxf4 Rxf4 16. exf4 d5 17. cxd5 cxd5 18. f3 dxe4 19. fxe4 b6 20. O-O Bb7 21.
Rb4 Rf8 22. a4 a5 23. Rd4 Kh7 24. h3 Nc5 25. Qb2 Ne6 26. Qxb6 Nxf4 27. Kh2 Qh4
28. Rf3 Nxh3 29. e5 Nf4+ 0-1

[Event "78th UKR-ch"]
[Site "Alushta UKR"]
[Date "2009.05.15"]
[Round "5"]
[White "Dementiev, Oleg"]
[WhiteElo "1959"]
[Black "Kuzmin, Gennady"]
[BlackElo "2443"]
[Result "1/2-1/2"]
[EventDate "2009.05.10"]
[PlyCount "87"]

1. e4 e5 2. Nf3 d6 3. Bc4 Be7 4. d3 Nf6 5. Nc3 O-O 6. Nd5 Nxd5 7. Bxd5 Nd7 8.
a3 Nc5 9. Be3 Ne6 10. h4 Bf6 11. Ng5 Nxg5 12. hxg5 Bxg5 13. Qh5 h6 14. Kd2 c6
15. Ba2 Bxe3+ 16. fxe3 Be6 17. g4 Bxa2 18. Rxa2 Qg5 19. Qxg5 hxg5 20. Raa1 g6
21. Raf1 Kg7 22. Rh2 Rad8 23. Rfh1 d5 24. Rh7+ Kf6 25. exd5 cxd5 26. Ke2 b5 27.
e4 d4 28. a4 Rc8 29. Kd2 b4 30. b3 Ke6 31. Rf1 Rc6 32. Rf2 Ke7 33. Kd1 Rf6 34.
Rxf6 Kxf6 35. Ke2 Ke7 36. Kd1 Rc8 37. Kd2 a5 38. Kd1 Ke6 39. Rh6 Rf8 40. Ke2
Ke7 41. Rh7 Kd6 42. Rh6 Kc7 43. Rh7 Kb8 44. Rg7 1/2-1/2

[Event "78th UKR-ch"]
[Site "Alushta UKR"]
[Date "2009.05.15"]
[Round "5"]
[White "Andrieiev, Volodymyr"]
[WhiteElo "1950"]
[Black "Ivanets, Serhii"]
[BlackElo "2228"]
[Result "1-0"]
[EventDate "2009.05.10"]
[PlyCount "85"]

1. e4 e5 2. Nc3 Nf6 3. Bc4 Bc5 4. d3 Nc6 5. f4 d6 6. Nf3 a6 7. f5 Na5 8. Bg5 b5
9. Bb3 Nxb3 10. axb3 c6 11. Qe2 Qb6 12. Nd1 Bb7 13. b4 Bxb4+ 14. c3 Bc5 15. b4
Nd7 16. bxc5 dxc5 17. Be3 a5 18. O-O Qc7 19. Qf2 Qd6 20. Qg3 g6 21. d4 cxd4 22.
cxd4 gxf5 23. dxe5 Qg6 24. exf5 Qxg3 25. hxg3 Rg8 26. Bf4 a4 27. Nd4 Nb6 28.
Ne3 O-O-O 29. Rfd1 Nd5 30. Nxd5 Rxd5 31. Nf3 Rxd1+ 32. Rxd1 a3 33. Ng5 b4 34.
Nxf7 c5 35. e6 Bc6 36. Nd6+ Kc7 37. f6 a2 38. f7 Rf8 39. e7 Rxf7 40. Nxf7+ Kb6
41. Be5 c4 42. Nd6 Kc5 43. Nxc4 1-0

[Event "78th UKR-ch"]
[Site "Alushta UKR"]
[Date "2009.05.15"]
[Round "5"]
[White "Loy, Konstantin"]
[WhiteElo "2123"]
[Black "Luzhinsky, Vitaly"]
[BlackElo "2298"]
[Result "0-1"]
[EventDate "2009.05.10"]
[PlyCount "118"]

1. e4 c5 2. Nc3 e6 3. Nf3 a6 4. g3 b5 5. Bg2 Bb7 6. d3 b4 7. Ne2 Nf6 8. O-O d5
9. exd5 Nxd5 10. d4 Nc6 11. Re1 Be7 12. Nf4 Nxf4 13. Bxf4 cxd4 14. Nxd4 Rc8 15.
Nxc6 Qxd1 16. Nxe7 Qd7 17. Nxc8 Qxc8 18. Bxb7 Qxb7 19. Bd6 Kd7 20. Red1 Rd8 21.
Bxb4+ Ke8 22. Rxd8+ Kxd8 23. Rd1+ Ke8 24. Bc3 f6 25. a3 Kf7 26. Bb4 Qc7 27. Rc1
g5 28. c4 h5 29. h3 h4 30. gxh4 gxh4 31. c5 Qc6 32. Bd2 e5 33. b4 Qd7 34. Be3
Qxh3 35. c6 Qf3 36. Kh2 h3 37. Rg1 Qxc6 38. Kxh3 Qc3 39. Rb1 Qxa3 40. Kg2 Qd3
41. Rb2 f5 42. Bc5 Ke6 43. f3 f4 44. Kf2 Kd5 45. Re2 Qh7 46. Rd2+ Kc4 47. Ke2
Qh2+ 48. Bf2 Kxb4 49. Rb2+ Kc4 50. Rc2+ Kb3 51. Rc6 Qh7 52. Rb6+ Kc4 53. Rxa6
Qd3+ 54. Ke1 Qxf3 55. Ra4+ Kd5 56. Ra5+ Ke6 57. Rc5 e4 58. Rc2 e3 59. Bg1 Qe4
0-1

[Event "78th UKR-ch"]
[Site "Alushta UKR"]
[Date "2009.05.15"]
[Round "5"]
[White "Trehubov, Vadym"]
[WhiteElo "2237"]
[Black "Khazankin, Moisei"]
[BlackElo "2134"]
[Result "1-0"]
[EventDate "2009.05.10"]
[PlyCount "29"]

1. e4 c5 2. Nf3 d6 3. d4 cxd4 4. Nxd4 Nf6 5. Nc3 a6 6. Bg5 e6 7. f4 Nbd7 8. Qf3
Qc7 9. O-O-O b5 10. Bd3 Bb7 11. Rhe1 Qb6 12. Nd5 Nxd5 13. exd5 Qxd4 14. Rxe6+
fxe6 15. Qh5+ 1-0

[Event "78th UKR-ch"]
[Site "Alushta UKR"]
[Date "2009.05.15"]
[Round "5"]
[White "Melnichuk, Mikhail"]
[WhiteElo "2276"]
[Black "Matviychuk, Olexandr"]
[BlackElo "2149"]
[Result "1-0"]
[EventDate "2009.05.10"]
[PlyCount "47"]

1. d4 Nf6 2. c4 e5 3. dxe5 Ng4 4. Nf3 Nc6 5. Nc3 Bc5 6. e3 Ngxe5 7. Nxe5 Nxe5
8. b3 d6 9. Bb2 O-O 10. Be2 Re8 11. O-O Qh4 12. Nd5 Ng4 13. h3 Ne5 14. Kh2 Re6
15. f4 Rh6 16. Qe1 Ng4+ 17. Bxg4 Qxg4 18. Rf3 Qd7 19. Rg3 f6 20. Nxf6+ Rxf6 21.
Bxf6 g6 22. Bb2 Qf7 23. Qc3 Kf8 24. b4 1-0

[Event "78th UKR-ch"]
[Site "Alushta UKR"]
[Date "2009.05.15"]
[Round "5"]
[White "Berezka, Alexandr"]
[WhiteElo "2150"]
[Black "Rudak, Vladimir"]
[BlackElo "2327"]
[Result "0-1"]
[EventDate "2009.05.10"]
[PlyCount "148"]

1. e4 e5 2. Nf3 Nc6 3. Bb5 Nge7 4. O-O g6 5. c3 Bg7 6. d4 exd4 7. cxd4 d5 8.
exd5 Nxd5 9. Re1+ Be6 10. Ng5 Qd6 11. Ne4 Qb4 12. Bxc6+ bxc6 13. Nc5 O-O 14.
Nb3 Bg4 15. f3 Bf5 16. Qd2 Qb6 17. Nc3 Nb4 18. Ne4 Rad8 19. Rd1 Nxa2 20. Nec5
Nb4 21. Qc3 Bc2 22. Rd2 Bxb3 23. Nxb3 Nd5 24. Qc4 Ne3 25. Qd3 Nf5 26. Ra6 Bxd4+
27. Nxd4 Qxd4+ 28. Qxd4 Nxd4 29. Rxa7 Rd7 30. Kf2 Rfd8 31. Rd3 Kg7 32. Bf4 Ne6
33. Be5+ f6 34. Rxd7+ Rxd7 35. Bc3 Kf7 36. Ra6 Rd6 37. Ke3 f5 38. Ra8 Rd8 39.
Ra6 Rd6 40. Ra8 Rd8 41. Ra6 c5 42. Ra7 Ke7 43. Be5 Kd7 44. Ra6 Rb8 45. Bc3 Re8
46. Kd2 Nf4 47. g3 Nd5 48. Bg7 f4 49. Bh6 Rb8 50. Bg7 Rb3 51. Ra3 Rxa3 52. bxa3
c4 53. g4 Kc6 54. h4 Kb5 55. Kc2 Ka4 56. Bf8 h5 57. gxh5 gxh5 58. Bc5 Kb5 59.
Bd4 Ka5 60. Bc5 Ka4 61. Bf8 c3 62. Bc5 Kb5 63. Bf8 Kc4 64. Bh6 c6 65. Bg5 c5
66. Bh6 Ne3+ 67. Kc1 Nf5 68. Bxf4 Nxh4 69. Bd6 Nxf3 70. a4 h4 71. a5 Kb5 72.
Kc2 h3 73. Kxc3 h2 74. Bxh2 Nxh2 0-1

[Event "78th UKR-ch"]
[Site "Alushta UKR"]
[Date "2009.05.15"]
[Round "5"]
[White "Bogdanovich, Stanislav"]
[WhiteElo "2414"]
[Black "Kravchenko, Leonid"]
[BlackElo "2180"]
[Result "1-0"]
[EventDate "2009.05.10"]
[PlyCount "61"]

1. d4 d5 2. c4 c6 3. Nc3 Nf6 4. Nf3 e6 5. Bg5 Nbd7 6. e3 Be7 7. Rc1 O-O 8. Bd3
dxc4 9. Bxc4 Nd5 10. Bxe7 Qxe7 11. O-O Nxc3 12. Rxc3 e5 13. dxe5 Nxe5 14. Nxe5
Qxe5 15. Qb3 b6 16. Rd1 Bf5 17. Bd3 c5 18. Bxf5 Qxf5 19. Rcd3 h6 20. Rd7 Qf6
21. R1d6 Qe5 22. h3 c4 23. Qc3 Qxc3 24. bxc3 Rfc8 25. a4 Rc5 26. Rb7 Rf5 27.
Rdd7 Rc8 28. Rxa7 Rcc5 29. g4 Rf6 30. Rac7 Rcc6 31. Rxf7 1-0

[Event "78th UKR-ch"]
[Site "Alushta UKR"]
[Date "2009.05.15"]
[Round "5"]
[White "Shagbazian, Taron"]
[WhiteElo "2216"]
[Black "Varchenko, Hryhorii"]
[BlackElo "2125"]
[Result "1-0"]
[EventDate "2009.05.10"]
[PlyCount "87"]

1. e4 c5 2. Nf3 Nc6 3. Bb5 d6 4. c3 Bd7 5. O-O a6 6. Ba4 Nf6 7. Re1 e6 8. d4
Be7 9. dxc5 dxc5 10. e5 Nd5 11. Bc2 h6 12. Nbd2 Qc7 13. Nc4 b5 14. Ne3 Rd8 15.
Nf1 Bc8 16. Qe2 g5 17. h3 Bb7 18. Ng3 Kd7 19. c4 bxc4 20. Qxc4 Kc8 21. Be3 Nxe5
22. Nxe5 Qxe5 23. Nf5 Bd6 24. Nxd6+ Qxd6 25. Bxc5 Qc6 26. Be4 Kb8 27. b4 Rhe8
28. a4 Qc7 29. Rac1 Ka8 30. b5 a5 31. Qb3 Nf4 32. Be3 Qe5 33. Bxf4 Qxf4 34.
Bxb7+ Kxb7 35. Rc4 Rd4 36. Rxd4 Qxd4 37. Qf3+ Kb8 38. Qxf7 Rc8 39. Qxe6 Rc2 40.
Qe8+ Rc8 41. Qe6 Rc2 42. Qf5 Rc8 43. b6 Qxa4 44. Qf7 1-0

[Event "78th UKR-ch"]
[Site "Alushta UKR"]
[Date "2009.05.15"]
[Round "5"]
[White "Savvopulo, Anatoly"]
[WhiteElo "2074"]
[Black "Kovtun, Sergei"]
[BlackElo "2288"]
[Result "0-1"]
[EventDate "2009.05.10"]
[PlyCount "76"]

1. d4 d5 2. c4 c6 3. cxd5 cxd5 4. Nc3 Nc6 5. Nf3 Nf6 6. e3 a6 7. a3 b5 8. b4
Bd7 9. Bd2 Na7 10. Ne5 e6 11. Be2 Nc8 12. O-O Nb6 13. Nd3 Nc4 14. Nc5 Bc6 15.
f4 Bd6 16. Bf3 Qc7 17. g3 h5 18. h4 g6 19. Qc2 Ke7 20. Kf2 Bxc5 21. dxc5 d4 22.
exd4 Bxf3 23. Kxf3 Qc6+ 24. d5 Nxd5 25. Kf2 Rhd8 26. Nxd5+ Rxd5 27. Bc3 Rad8
28. Rfd1 Nxa3 29. Bf6+ Kxf6 30. Qc3+ Ke7 31. Rxd5 Qxd5 32. Rxa3 Qd1 33. Ke3
Qg1+ 34. Ke2 Rd1 35. Qc2 Re1+ 36. Kd2 Qf2+ 37. Kc3 Re3+ 38. Kd4 Qxc2 0-1

[Event "78th UKR-ch"]
[Site "Alushta UKR"]
[Date "2009.05.15"]
[Round "5"]
[White "Stets, Vasilij"]
[WhiteElo "2245"]
[Black "Podolsky, Anton"]
[BlackElo "2083"]
[Result "1-0"]
[EventDate "2009.05.10"]
[PlyCount "43"]

1. e4 e5 2. f4 d5 3. exd5 e4 4. d3 Nf6 5. dxe4 Nxe4 6. Nf3 c6 7. Bd3 Nf6 8.
Qe2+ Be7 9. d6 Qxd6 10. O-O O-O 11. Nc3 Re8 12. Ng5 Qc7 13. Kh1 Bg4 14. Bxh7+
Nxh7 15. Qxg4 Nf6 16. Qh4 Bf8 17. Rf3 g6 18. f5 Nbd7 19. Bf4 Qb6 20. fxg6 fxg6
21. Raf1 Qd4 22. Rd1 1-0

[Event "78th UKR-ch"]
[Site "Alushta UKR"]
[Date "2009.05.15"]
[Round "5"]
[White "Cherednichenko, Elena"]
[WhiteElo "2134"]
[Black "Mamonova, Yulia"]
[BlackElo "2009"]
[Result "1/2-1/2"]
[EventDate "2009.05.10"]
[PlyCount "58"]

1. d4 Nf6 2. Nf3 d5 3. e3 Bf5 4. c4 e6 5. Qb3 Nc6 6. Bd2 Rb8 7. a3 Be7 8. Nc3
O-O 9. cxd5 exd5 10. Be2 a6 11. Rc1 Re8 12. O-O Bd6 13. Kh1 Ne7 14. Na4 c6 15.
Bb4 Ne4 16. Bxd6 Nxd6 17. Nc5 Ng6 18. Bd3 Bxd3 19. Qxd3 Ne4 20. b4 Nxc5 21.
Rxc5 Nf8 22. a4 Nd7 23. Rc2 Nb6 24. Ra1 Nc4 25. Nd2 Nd6 26. Nf3 Nc4 27. Nd2 Nd6
28. Nf3 Nc4 29. Nd2 Nd6 1/2-1/2

[Event "78th UKR-ch"]
[Site "Alushta UKR"]
[Date "2009.05.15"]
[Round "5"]
[White "Yermolkevych, Oleksii"]
[WhiteElo "2097"]
[Black "Borzov, Dmytro"]
[BlackElo "2209"]
[Result "1/2-1/2"]
[EventDate "2009.05.10"]
[PlyCount "76"]

1. Nf3 Nf6 2. g3 g6 3. b3 Bg7 4. Bb2 O-O 5. Bg2 d6 6. d4 Nbd7 7. O-O e5 8. dxe5
Ng4 9. Nbd2 Ngxe5 10. Nxe5 Nxe5 11. Rb1 a5 12. a4 Re8 13. Nf3 Nxf3+ 14. Bxf3
Bxb2 15. Rxb2 Bh3 16. Re1 Qf6 17. Rb1 c6 18. Qd2 Re5 19. Red1 Rd8 20. b4 axb4
21. Rxb4 Bc8 22. Rd4 Rc5 23. h4 Bf5 24. e4 Bh3 25. Be2 h5 26. c4 Re5 27. f4 Re6
28. e5 Qf5 29. Qd3 Qxd3 30. Bxd3 f6 31. exd6 Rexd6 32. Rxd6 Rxd6 33. c5 Rd7 34.
Bc4+ Kf8 35. Rxd7 Bxd7 36. Kf2 Ke7 37. Ke3 Bf5 38. Bb3 Kd7 1/2-1/2

[Event "78th UKR-ch"]
[Site "Alushta UKR"]
[Date "2009.05.15"]
[Round "5"]
[White "Pylyposian, Mikael"]
[WhiteElo "1988"]
[Black "Lomakin, Viktor"]
[BlackElo "2120"]
[Result "1/2-1/2"]
[EventDate "2009.05.10"]
[PlyCount "133"]

1. e4 c5 2. c3 d5 3. exd5 Qxd5 4. d4 e6 5. Nf3 Nf6 6. Bd3 Be7 7. O-O O-O 8. Be3
cxd4 9. cxd4 Nc6 10. Nc3 Qd6 11. a3 Bd7 12. Qe2 Be8 13. Rad1 Rc8 14. Rfe1 Nd5
15. Ne4 Qc7 16. Bb1 h6 17. Qd3 f5 18. Nc3 Bh5 19. Nxd5 exd5 20. Bd2 Qd7 21. Ba2
Bf6 22. Rc1 Bxf3 23. Qxf3 Rcd8 24. Rc5 Nxd4 25. Qxd5+ Kh8 26. Bb4 Rfe8 27. Qxd7
Rxe1+ 28. Bxe1 Rxd7 29. h3 g6 30. Kf1 Nc6 31. Bc3 Bxc3 32. Rxc3 Rd2 33. Bf7 Kg7
34. Be8 Nd4 35. g3 Rxb2 36. Rc7+ Kf6 37. Rf7+ Ke5 38. Rh7 g5 39. Rxh6 f4 40.
gxf4+ Kxf4 41. h4 Rb1+ 42. Kg2 g4 43. Rf6+ Ke5 44. Rg6 Ne6 45. Rxg4 Nf4+ 46.
Kg3 Rb3+ 47. f3 Ne6 48. Bf7 Kf6 49. Bxe6 Kxe6 50. Rb4 Rxa3 51. Rxb7 Kf5 52. Rg7
Ra1 53. Rg5+ Kf6 54. Rg4 Kf5 55. Rg5+ Kf6 56. f4 Rg1+ 57. Kf2 Ra1 58. h5 Rh1
59. Kg2 Rh4 60. Kg3 Rh1 61. Rg6+ Kf5 62. Rg5+ Kf6 63. Ra5 Rg1+ 64. Kf2 Rh1 65.
Rxa7 Rxh5 66. Kf3 Rh1 67. Ra6+ 1/2-1/2

[Event "78th UKR-ch"]
[Site "Alushta UKR"]
[Date "2009.05.15"]
[Round "5"]
[White "Arkhipov, Vladimir"]
[WhiteElo "2183"]
[Black "Tikhonov, Gennady"]
[BlackElo "1984"]
[Result "1-0"]
[EventDate "2009.05.10"]
[PlyCount "79"]

1. Nf3 d5 2. g3 g6 3. Bg2 Bg7 4. O-O e5 5. d3 Ne7 6. c4 O-O 7. cxd5 Nxd5 8. Bg5
Qd6 9. Nbd2 c6 10. Nc4 Qc7 11. Qd2 Re8 12. Bh6 Bh8 13. Ng5 Bg4 14. Rac1 Na6 15.
h3 Bd7 16. a3 Nb6 17. Na5 f6 18. Ne4 Be6 19. b4 Qd7 20. h4 Nd5 21. Rc2 Ne7 22.
a4 Bd5 23. Rfc1 Rac8 24. Be3 f5 25. b5 cxb5 26. axb5 Rxc2 27. Rxc2 fxe4 28.
dxe4 Qxb5 29. exd5 Nf5 30. Rb2 Qa4 31. Bxa7 e4 32. Rxb7 Qa1+ 33. Kh2 Bc3 34.
Qc2 Bxa5 35. Qc6 Qe5 36. Qxa6 e3 37. f4 Qc3 38. Qc6 Rc8 39. Qe6+ Kh8 40. Bd4+
1-0

[Event "78th UKR-ch"]
[Site "Alushta UKR"]
[Date "2009.05.15"]
[Round "5"]
[White "Kuchin, Pavel"]
[WhiteElo "2001"]
[Black "Harnazhenko, Dmytro"]
[BlackElo "1890"]
[Result "0-1"]
[EventDate "2009.05.10"]
[PlyCount "80"]

1. f4 c5 2. Nf3 Nc6 3. g3 g6 4. Bg2 Bg7 5. c3 d6 6. O-O h5 7. d3 Bd7 8. a4 a6
9. Na3 Rb8 10. e4 b5 11. axb5 axb5 12. d4 cxd4 13. cxd4 Qb6 14. Be3 Nf6 15. Nc2
Ng4 16. Qd2 Nxe3 17. Qxe3 b4 18. b3 Rc8 19. Ra2 O-O 20. Rb1 Rc7 21. Bf1 Bc8 22.
Kg2 Bg4 23. Ra6 Qb7 24. Nfe1 Qc8 25. Bc4 h4 26. d5 Nb8 27. Ra7 Rxa7 28. Qxa7
hxg3 29. hxg3 Nd7 30. Ne3 Nf6 31. e5 dxe5 32. fxe5 Ne4 33. Qxe7 Bh3+ 34. Kh2
Re8 35. Qa7 Bxe5 36. Nf3 Bxg3+ 37. Kg1 Nd6 38. Qd4 Re4 39. Qb6 Rxe3 40. Qxe3
Qg4 0-1

[Event "78th UKR-ch"]
[Site "Alushta UKR"]
[Date "2009.05.16"]
[Round "6"]
[White "Kovalenko, Igor"]
[WhiteElo "2449"]
[Black "Kharchenko, Boris"]
[BlackElo "2474"]
[Result "1-0"]
[EventDate "2009.05.10"]
[PlyCount "65"]

1. d4 d5 2. c4 c6 3. Nf3 Nf6 4. Nc3 dxc4 5. a4 Bf5 6. e3 e6 7. Bxc4 Bb4 8. O-O
Nbd7 9. Qe2 Bg4 10. Rd1 Qc7 11. h3 Bxf3 12. Qxf3 a5 13. e4 e5 14. d5 O-O 15.
dxc6 bxc6 16. Bg5 Nc5 17. Qf5 Rfd8 18. f4 Bxc3 19. bxc3 Ncxe4 20. Bxf6 Nxf6 21.
Qxe5 Qa7+ 22. Kh2 Re8 23. Qd6 Qe3 24. Rd3 Qf2 25. Rf3 Qb6 26. Rg3 Nh5 27. Rg5
g6 28. Rxg6+ hxg6 29. Qxg6+ Ng7 30. Bxf7+ Kf8 31. Bc4 Re7 32. Qh7 Rf7 33. Re1
1-0

[Event "78th UKR-ch"]
[Site "Alushta UKR"]
[Date "2009.05.16"]
[Round "6"]
[White "Matiushin, Gennady"]
[WhiteElo "2500"]
[Black "Kovalev, Denis"]
[BlackElo "2447"]
[Result "1/2-1/2"]
[EventDate "2009.05.10"]
[PlyCount "33"]

1. Nf3 Nf6 2. c4 c6 3. d4 d5 4. e3 e6 5. Nbd2 c5 6. cxd5 exd5 7. Bb5+ Bd7 8.
Bxd7+ Nbxd7 9. O-O Be7 10. b3 O-O 11. Bb2 Rc8 12. Qe2 Qa5 13. a3 Qb6 14. dxc5
Nxc5 15. Bd4 Qd6 16. Rac1 Nce4 17. Bb2 $11 1/2-1/2

[Event "78th UKR-ch"]
[Site "Alushta UKR"]
[Date "2009.05.16"]
[Round "6"]
[White "Pavlov, Maxim"]
[WhiteElo "2353"]
[Black "Yakymov, Volodymyr"]
[BlackElo "2453"]
[Result "1/2-1/2"]
[EventDate "2009.05.10"]
[PlyCount "118"]

1. e4 e6 2. d4 d5 3. Nd2 Nf6 4. e5 Nfd7 5. Bd3 c5 6. c3 Nc6 7. Ne2 cxd4 8. cxd4
f6 9. exf6 Nxf6 10. Nf3 Bd6 11. O-O Qc7 12. Nc3 a6 13. Bg5 O-O 14. Rc1 g6 15.
Bh4 Nh5 16. Na4 Qg7 17. Nb6 Rb8 18. Bxa6 Nxd4 19. Nxd4 bxa6 20. Nxc8 Rbxc8 21.
Rxc8 Rxc8 22. Re1 Nf4 23. Nxe6 Nxe6 24. Rxe6 Qd4 25. Re1 Bxh2+ 26. Kxh2 26...
Qxh4+ $11 27. Kg1 Qc4 28. b3 Qc6 29. Qd4 Qd6 30. g3 Rd8 31. b4 Rf8 32. Re5 Rd8
33. a4 Qd7 34. b5 axb5 35. axb5 Qg7 36. b6 h5 37. Qh4 Rd7 38. Qd4 Kh7 39. f4
Rb7 40. Qd3 Kh6 41. Re6 Re7 42. Qxd5 Qa1+ 43. Kg2 Qb2+ 44. Kh3 Rxe6 45. Qxe6
Qf2 46. Qc6 h4 47. Qc3 Qf1+ 48. Kg4 Qe2+ 49. Qf3 Qe6+ 50. Kxh4 Qxb6 51. Qd5 Qg1
52. Kg4 Qf2 53. Qe5 Kh7 54. f5 Qb6 55. Qe7+ Kh6 56. f6 Qd4+ 57. Kh3 Qf2 58. Qe5
Qf5+ 59. Qxf5 gxf5 1/2-1/2

[Event "78th UKR-ch"]
[Site "Alushta UKR"]
[Date "2009.05.16"]
[Round "6"]
[White "Dolzhykova, Kateryna"]
[WhiteElo "2291"]
[Black "Strelnikov, Sergei"]
[BlackElo "2393"]
[Result "0-1"]
[EventDate "2009.05.10"]
[PlyCount "93"]

1. e4 g6 2. d4 Bg7 3. Nc3 c6 4. Bc4 d6 5. Qf3 e6 6. Nge2 Nd7 7. Bf4 Qe7 8. Qe3
Ngf6 9. f3 e5 10. Bh6 exd4 11. Nxd4 O-O 12. Nf5 Qe5 13. Bxg7 gxf5 14. Bxf8 Nxf8
15. O-O-O b5 16. Qg5+ Ng6 17. Bb3 b4 18. Ne2 a5 19. f4 Qe7 20. exf5 Ne4 21.
Qxe7 Nxe7 22. Rhe1 d5 23. Ng3 Bxf5 24. c3 bxc3 25. bxc3 Kf8 26. Nxf5 Nxf5 27.
Bc2 Nfd6 28. Bxe4 Nxe4 29. Kc2 Ke7 30. Rb1 Rg8 31. g3 h5 32. Rb7+ Ke6 33. Rc7
h4 34. gxh4 Rg2+ 35. Kb3 Kd6 36. Rxf7 Nd2+ 37. Ka4 Nc4 38. Ra1 Rc2 39. h5 Rxc3
40. a3 Rh3 41. Rh7 Kc5 42. h6 d4 43. f5 d3 44. f6 d2 45. Rd7 Nb6+ 46. Kxa5 Nxd7
47. a4 0-1

[Event "78th UKR-ch"]
[Site "Alushta UKR"]
[Date "2009.05.16"]
[Round "6"]
[White "Nosenko, Olexandr"]
[WhiteElo "2498"]
[Black "Dmitrenko, Viktor"]
[BlackElo "2338"]
[Result "1/2-1/2"]
[EventDate "2009.05.10"]
[PlyCount "48"]

1. d4 Nf6 2. c4 e6 3. Nc3 d5 4. Bg5 c6 5. e3 Nbd7 6. cxd5 exd5 7. Bd3 Bd6 8.
Nge2 Nf8 9. Bh4 Ng6 10. Bg3 Bxg3 11. Nxg3 a5 12. O-O O-O 13. Qd2 Nh4 14. f3 Re8
15. Qf2 b6 16. e4 dxe4 17. fxe4 Ra7 18. e5 Ng4 19. Qf4 g5 20. Qe4 f5 21. Qxc6
Qxd4+ 22. Kh1 Bd7 23. Qc4+ Qxc4 24. Bxc4+ 24... Kg7 $11 1/2-1/2

[Event "78th UKR-ch"]
[Site "Alushta UKR"]
[Date "2009.05.16"]
[Round "6"]
[White "Truskavetsky, Alexandr"]
[WhiteElo "2391"]
[Black "Nyzhnyk, Illya"]
[BlackElo "2499"]
[Result "1/2-1/2"]
[EventDate "2009.05.10"]
[PlyCount "77"]

1. d4 d5 2. Nf3 Nf6 3. c4 dxc4 4. e3 e6 5. Bxc4 a6 6. a4 c5 7. O-O Nc6 8. Qe2
Be7 9. Rd1 cxd4 10. exd4 O-O 11. Nc3 Nb4 12. Bg5 Bd7 13. Ne5 Rc8 14. Qf3 Bc6
15. Nxc6 Rxc6 16. Bb3 Rc7 17. a5 Rd7 18. Ba4 Rxd4 19. Qxb7 Nd3 20. Be3 Nc5 21.
Rxd4 Nxb7 22. Rxd8 Rxd8 23. Bd1 Bb4 24. Be2 Nxa5 25. Bb6 Rd2 26. Bxa5 Bxc3 27.
Bxc3 Rxe2 28. Rxa6 h6 29. g3 Nd5 30. Bd4 Rd2 31. Ra8+ Kh7 32. Ra4 f6 33. Rc4 e5
34. Bc3 Nxc3 35. bxc3 Rc2 36. Kg2 e4 37. Rxe4 Rxc3 38. h4 h5 39. Rf4 1/2-1/2

[Event "78th UKR-ch"]
[Site "Alushta UKR"]
[Date "2009.05.16"]
[Round "6"]
[White "Kislinsky, Alexey"]
[WhiteElo "2455"]
[Black "Kariaka, Anatolii"]
[BlackElo "2126"]
[Result "1-0"]
[EventDate "2009.05.10"]
[PlyCount "133"]

1. e4 e6 2. d4 d5 3. Nd2 dxe4 4. Nxe4 Bd7 5. Nf3 Bc6 6. Bd3 Nd7 7. O-O Be7 8.
b3 Ngf6 9. Ng3 O-O 10. Bb2 Bxf3 11. Qxf3 c6 12. c4 Re8 13. Rad1 Qc7 14. Bc2 b5
15. Rfe1 bxc4 16. bxc4 Rab8 17. Bc1 Qa5 18. Bb3 c5 19. Bd2 Qa6 20. d5 e5 21.
Nf5 Bf8 22. Qd3 Kh8 23. Qh3 e4 24. Bc3 Ne5 25. d6 Re6 26. f4 Ned7 27. g4 Nxg4
28. Rxe4 Ngf6 29. Rxe6 fxe6 30. Nh4 Re8 31. Ng6+ Kg8 32. Ne5 g6 33. Bb2 Bg7 34.
Qc3 Ng4 35. Qg3 Ngxe5 36. fxe5 Qc6 37. Bc2 Qa6 38. Bb3 Qc6 39. Re1 a5 40. Bc2
Nb6 41. Qg4 Qc8 42. Bc3 Qa6 43. Bd3 a4 44. h4 Nd5 45. Bd2 Nb4 46. Bb1 Qb7 47.
h5 Nc6 48. Qg2 Qd7 49. Bc3 Rf8 50. hxg6 hxg6 51. Bc2 Nd4 52. Bxd4 cxd4 53. Qe4
Qd8 54. Qg4 Kh8 55. Re2 a3 56. c5 Qa8 57. Qe4 Qd8 58. Qxd4 Qa8 59. Qe4 Qd8 60.
c6 Qg5+ 61. Rg2 Qc1+ 62. Kh2 Rf1 63. c7 Rh1+ 64. Kg3 Qg5+ 65. Kf3 Rh3+ 66. Ke2
Re3+ 67. Kd1 1-0

[Event "78th UKR-ch"]
[Site "Alushta UKR"]
[Date "2009.05.16"]
[Round "6"]
[White "Golovany, Andrei"]
[WhiteElo "2280"]
[Black "Poluektov, Yury"]
[BlackElo "2390"]
[Result "1/2-1/2"]
[EventDate "2009.05.10"]
[PlyCount "70"]

1. d4 Nf6 2. c4 e6 3. Nf3 b6 4. a3 d5 5. cxd5 exd5 6. Nc3 Be7 7. g3 O-O 8. Bg2
Bb7 9. O-O Nbd7 10. Bf4 c5 11. Rc1 a6 12. Ne5 Re8 13. Nxd7 Qxd7 14. Qb3 cxd4
15. Na2 Bc5 16. Qd1 a5 17. b4 axb4 18. axb4 Bd6 19. Bxd6 Qxd6 20. Rc2 Ba6 21.
Qxd4 Rxe2 22. Rxe2 Bxe2 23. Rc1 h5 24. Nc3 Bc4 25. h3 b5 26. g4 Rd8 27. Rd1
hxg4 28. hxg4 g5 29. Qe3 Qf4 30. Qxf4 gxf4 31. g5 Nh7 32. Bxd5 Bxd5 33. Rxd5
Rxd5 34. Nxd5 Nxg5 35. Nxf4 Kf8 1/2-1/2

[Event "78th UKR-ch"]
[Site "Alushta UKR"]
[Date "2009.05.16"]
[Round "6"]
[White "Veremiy, Bogdan"]
[WhiteElo "2239"]
[Black "Bernadskyi, Vitalii"]
[BlackElo "2327"]
[Result "0-1"]
[EventDate "2009.05.10"]
[PlyCount "108"]

1. e4 c5 2. d4 cxd4 3. c3 g6 4. cxd4 d5 5. exd5 Nf6 6. Nc3 Nxd5 7. Bc4 Nb6 8.
Bb3 Bg7 9. d5 O-O 10. Nf3 Bg4 11. h3 Bxf3 12. Qxf3 N8d7 13. O-O Nc5 14. Rd1
Nbd7 15. Bg5 h6 16. Be3 Qa5 17. Qe2 a6 18. Bxc5 Qxc5 19. Ne4 Qb4 20. d6 e6 21.
Rac1 Rad8 22. Rc7 Kh8 23. Qe3 b6 24. a3 Qb5 25. Rd2 f5 26. Bc4 Qe5 27. Nc3 Qxe3
28. fxe3 Nc5 29. Rxc5 bxc5 30. Bxa6 f4 31. Ne4 fxe3 32. Re2 Be5 33. Bd3 Kg7 34.
a4 Bxd6 35. Nxd6 Rxd6 36. Rxe3 Rf4 37. Bb5 Kf6 38. Rc3 Rd5 39. Bc6 Rd1+ 40. Kh2
c4 41. Ra3 Rff1 42. Bb5 Ra1 43. Rc3 Rfc1 44. Re3 e5 45. Rf3+ Ke6 46. Rf8 e4 47.
Rd8 Ke5 48. Ra8 h5 49. h4 Kf4 50. Rf8+ Kg4 51. Bd7+ Kxh4 52. Rf4+ Kg5 53. Rxe4
h4 54. Re5+ Kf4 0-1